01265nam a2200289Ia 4500003000400000005001700004008004100021040002100062041001300083082002500096100004200121245011800163260004000281300008400321490005100405501003400456504003600490505015500526650001700681650001900698650003500717650002300752700003800775942001200813999001700825952013300842OSt20210826115207.0210310s1952 sp ad gr 000 0 spa d aCO-JMCRcCO-JMCR0 aspaheng04a338.52 / bW352c2231 aWinding Pedersen, H., eautor92777214aLos costes y la política de precios /cH. Winding Pedersen ; traducción directa del danés por Arne Koefoed  aMadrid, España : bAguilarc1952. axvii, 378 páginas : bilustraciones y gráficas en blanco y negro ; c21 cm.0 aBiblioteca de Ciencias Sociales : aEconomía aCon: notas a pie de página. aBibliografía : páginas 379. aDoctrina de los costes. -- Política de precios. -- La política de inversión y la valoración. -- La distribución de los costes y el calculo. 14aCosto92454724aPrecios93972024aRegulación de precios93972124aCompetencia9397221 aKoefoed, Arne, etraductor939542 2ddccBK c15579d15579 00102ddc4070aCPLbCPLcGENd2018-04-15eDonaciónl0o338.52 / W352cp430005550r2024-05-16 00:00:00tEj.1w2018-04-15yBK